000 00587nam a2200241 a 4500
001 nice12345678
003 IN_TiNIC
005 20260116011333.0
008 050524s1937 lona grp 000 0 eng
020 _a
_c100
082 0 0 _a239
_bMAT
100 _aMatthews, W R
245 _aChristian Faith
_b Essays in Explanation and Defence.
260 _aLondon
_bEyre & Spottiswoode
_c1937
300 _a340p
500 _aincludes index and biblioraphy
505 2 _aIndex
650 _aApologetics
700 1 _aMatthews, W R
902 _bSRS
942 _cBK
999 _c624
_d624